000 01089nam a2200301 i 4500
003 EG-GICUC
005 20260427220514.0
008 260427b1947 fr ||||f |||| 00| 0 fre d
040 _aEG-GiCUC
_cEG-GiCUC
_dEG-GiCUC
_eRda
_bfre
041 _afre
082 0 4 _221
_a343.661
_bGI . C
092 0 4 _221
099 _aLaw1 10 343.661 GI . C 1947 1011331 C1
100 1 _aGielb,Henri
_eAuteur
245 1 0 _aLa Criminalité Juvénile En Tant Que Phénomène Économique Et Social /
_cPar Henri Gielb ; Avec Une Préface Du Professeur Joseph Magnol Doyen De La Faculté De Droit De Toulouse.
264 1 _aToulouse :
_bWojskowy Przeglad Prawniczy Revue Militaire De Droiti ,
_c1947.
300 _a92 page ;
_c24 cm.
336 _2rda contenu
_a texte
337 _2rda medias
_aOrdinateur
338 _2 transporteur rda
_a Ressource en ligne
650 1 4 _aDroit pénal
650 1 4 _aDélinquants juvéniles
651 1 _2qrmak
700 1 _aMagnol, Joseph
_ePréfacier
856 4 0 _uhttps://fll.law.cu.edu.eg/fulltext/bks/B10-11331.pdf
905 _a164
942 _2ddc
_cBK
_e21
_n0
999 _c73726
_d73726